Chémia časopis pre ďalšie vzdelávanie učiteľov chémie č. 11

Bibliographic Details
Other Authors: Lavický, Tomáš (Compiler)
Format: Book
Language:Slovak
PhysicalDescription:49 s. sch., tab. 30 cm
Published: Prešov Metodické centrum 1998
Subjects:

MARC

LEADER 00000nam a2200000 a 4500
001 vtls001371033
003 SK-MaSNL
005 20260301121939.0
008 171030s1998 xo ap r yy 0 slo
015 |a SNBA1999/11-04136 
035 |a SNK000324828 
035 |a urn:nbn:sk:snk-amlrd4 
035 |a urn:nbn:sk:snk-am00cbl6 
035 |a C3F5FE07-8317-4743-B6C2-4AB986028EFE 
040 |a SNK  |b slo  |c SNK  |e AACR2 
041 0 |a slo 
044 |a xo  |c SK 
080 |a 54:371.3(072)  |2 1981 
080 |a 371.3:54(072)  |2 1981 
245 0 |a Chémia  |b časopis pre ďalšie vzdelávanie učiteľov chémie  |n č. 11  |c [zostavil: Tomáš Lavický] 
260 |a Prešov  |b Metodické centrum  |c 1998 
300 |a 49 s.  |b sch., tab.  |c 30 cm 
500 |a Údaj o zost. prevzatý z tiráže 
500 |a 200 výt. 
504 |a Bibliogr. odkazy 
650 0 7 |a chémia  |x vyučovanie  |x školy stredné  |x príručky metodické  |2 SNK  |9 342040 
655 7 |a príručky  |2 SNK  |9 74364 
700 1 |a Lavický, Tomáš  |4 com  |9 45256 
958 |a TL 
958 |a NB 
958 |a OND 
999 |c 731111  |d 733041 
952 |t P60, <03>, [BOOK], {603}  |a SNK  |b SNK  |y PREZ  |7 0  |p 17A0208066  |o snkSB 55894/11  |i snkKSP 8656/99  |0 0  |1 0  |4 0  |d 1999-08-27  |f 1  |l 0  |r 2025-04-02 00:00:00  |w 2026-02-23 
952 |t P60, <04>, [BOOK], {604}  |a SNK  |b SNK  |y VYP  |7 0  |p 17A0208067  |o snkSB 55894/11 D1  |i snkKSP 8657/99  |0 0  |1 0  |4 0  |d 1999-08-27  |l 0  |r 2005-01-02 00:00:00  |w 2026-02-23